Crashing Through: A True Story of Risk, Adventure, and the Man Who Dared to See / (Record no. 617017)
[ view plain ]
| 000 -LEADER | |
|---|---|
| fixed length control field | 00441nam a22001457a 4500 |
| 020 ## - INTERNATIONAL STANDARD BOOK NUMBER | |
| Qualifying information | PB. |
| 040 ## - CATALOGING SOURCE | |
| Transcribing agency | FIZZA ISHAQ |
| 082 ## - DEWEY DECIMAL CLASSIFICATION NUMBER | |
| Classification number | 362.410 |
| Author Mark | KUR |
| 100 ## - MAIN ENTRY--PERSONAL NAME | |
| Personal name | Kurson , Robert. |
| 9 (RLIN) | 134085 |
| 245 ## - TITLE STATEMENT | |
| Title | Crashing Through: A True Story of Risk, Adventure, and the Man Who Dared to See / |
| Statement of responsibility, etc. | Robert Kurson. |
| 250 ## - EDITION STATEMENT | |
| Edition statement | 1st ED. |
| 260 ## - PUBLICATION, DISTRIBUTION, ETC. | |
| Place of publication, distribution, etc. | New York: |
| Name of publisher, distributor, etc. | Random House, |
| Date of publication, distribution, etc. | 2007. |
| 300 ## - PHYSICAL DESCRIPTION | |
| Extent | 306 P. ; |
| Dimensions | 6.33 x 1.08 x 9.53 inches |
| 942 ## - ADDED ENTRY ELEMENTS (KOHA) | |
| Source of classification or shelving scheme | |
| Koha item type | Book |
| Withdrawn status | Lost status | Source of classification or shelving scheme | Damaged status | Not for loan | Permanent Location | Current Location | Shelving location | Date acquired | Total Checkouts | Full call number | Barcode | Date last seen | Price effective from | Koha item type |
|---|---|---|---|---|---|---|---|---|---|---|---|---|---|---|
| NUST Baluchistan Campus (NBC) | NUST Baluchistan Campus (NBC) | General Stacks | 04/13/2026 | 362.410 KUR | QD-571 | 04/13/2026 | 04/13/2026 | Book |
